| 000 | 00000nam 2200000za 4500 |
| 001 | 9.637433 |
| 003 | CaOODSP |
| 005 | 20210624221213 |
| 007 | cr ||||||||||| |
| 008 | 150407|2009||||xxc|||||o f|0| 0 fre d |
| 020 | |a978-1-100-94058-8 |
| 040 | |aCaOODSP|bfre |
| 043 | |an-cn--- |
| 086 | 1 |aFo149-1/2009F-PDF |
| 110 | 1 |aCanada.|bRessources naturelles Canada. |bService canadien des forêts. |
| 245 | 10|aCentre canadien sur la fibre de bois, plan de mise en œuvre, 2009-2011 / |h[ressource électronique] |
| 260 | |aOttawa - Ontario : |bRessources naturelles Canada. |cMars 2010. |
| 300 | |a24p.|bfigures en couleur, tableau, photographies |
| 520 | 3 |aLe présent plan, qui couvre les exercices de 2009 à 2011, vise trois objectifs : Fournir un cadre pour intégrer pleinement le CCFB aux orientations stratégiques de FPInnovations : Orienter la mise en œuvre des programmes de recherche et d’échange des connaissances du CCFB : Orienter l’établissement de rapports sur les répercussions des activités du CCFB. |
| 590 | |a12-24-Supp|b2012-05-30 |
| 691 | 07|aForesterie|2gcpds |
| 691 | 07|aProduit forestier|2gcpds |
| 775 | 08|tCanadian Wood Fibre Centre, implementation plan, 2009-2011 / |w(CaOODSP)9.693231 |
| 776 | 0#|tCanadian Wood Fibre Centre - Implementation plan 2009-2011 / |w(CaOODSP)9.672111 |
| 776 | 0#|tCentre canadien sur la fibre de bois - Plan de mise en œuvre 2009-2011 / |w(CaOODSP)9.672112 |
| 795 | |tCentre canadien sur la fibre de bois - Plan de développement, 2006-2009 / |w(CaOODSP)9.634361 |
| 856 | 40|ahttp://publications.gc.ca|qPDF|s682 Ko|uhttps://publications.gc.ca/collections/collection_2011/rncan-nrcan/Fo149-1-2009-fra.pdf |